000 00628nam a2200217 u 4500
003 DO-SdBNP
005 20230303102036.0
007 ta
008 210928b2017 dr ac||| |||| 00| 0 spa d
020 _a9789945087796
040 _aDO-SdBNP
_bspa
_cBNPHU
082 4 _222
_bG974r, 2017
100 1 _aDíaz, Gumersindo
_97865
245 1 0 _aRemanso místico :
_bcápsulas de reflexión /
_cP. Gumersindo Díaz sdb.
250 _a2da. ed.
260 _aSanto Domingo :
_bCorripio,
_c2017.
300 _a235 p. :
_bilustraciones ;
_c28 cm.
500 _aIncluye índice
590 _aInventariado, 2021 /LP
942 _2ddc
_cLBS1
999 _c50672
_d50672